000 01157nam a22003617a 4500
003 CHAP
005 20220817044447.0
008 110727s2004 cu a r 00010 spa d
010 _a101625
011 _a102597
020 _a9592587434
035 _a113286
040 _cCHAP
082 0 4 _a631.522
_bR61 2004
100 1 _aRodríguez Fuentes, Carlos.
_998491
245 1 0 _aMejora de plantas
_c/por Carlos Rodríguez Fuentes, Juan Pérez Ponce y Armín Fuchs
250 _a2 ed.
260 _aLa Habana :
_bFélix Varela,
_c2004
300 _a293 p. :
_bilus.
590 _aBATCH-UPD
_b10
_c20130110
_lUCH01
_h0925
590 _aBATCH-UPD
_b10
_c20130410
_lUCH01
_h0546
590 _aBATCH-UPD
_b10
_c20130914
_lUCH01
_h0647
590 _aCONVERSION
_b10
_c20130109
_lUCH01
_h1356
650 1 4 _aBiotecnología vegetal.
_912892
650 1 4 _aGenética vegetal.
650 1 4 _aIngeniería genética.
_958228
650 1 4 _aPlantas
_xMejoramiento.
_988849
700 1 _aFuchs, Armín.
_943790
700 1 _aPérez Ponce, Juan.
_989941
901 _aBK
942 _cLIBRO
949 _a631.522 R61 2004
_bBC
_cLIBRO
_d33724002245446
_eLIBRO
_h115396
_i113286
_si
999 _c101625
_d101625